| 000 | 00461nam a2200169Ia 4500 | ||
|---|---|---|---|
| 003 | GCL | ||
| 008 | 140319s9999 xx 000 0 ara d | ||
| 040 |
_aGCL / _cGCL |
||
| 082 | 0 | 4 |
_a813.03 _bخ و |
| 100 | 1 | _aخيرى شلبى | |
| 245 | 1 | 0 |
_aوكالة عطية / _cخيرى شلبى |
| 300 | _a415 ص | ||
| 490 |
_aشرقيات _v0 |
||
| 650 | 0 | 4 | _aالقصص العربية |
| 650 | 0 | 4 | _aالادب العربى - العصر الحديث |
| 942 |
_2ddc _cBK |
||
| 999 |
_c40619 _d40619 |
||